Normal view
MARC view
- FAROOQ ALI,RASHID, AMJAD
Entry Personal Name
001 - CONTROL NUMBER
- control field: 74699
003 - CONTROL NUMBER IDENTIFIER
- control field: NUST
005 - DATE AND TIME OF LATEST TRANSACTION
- control field: 20210628205254.0
008 - FIXED-LENGTH DATA ELEMENTS
- fixed length control field: 210628|| aca||aabn | a|a d
040 ## - CATALOGING SOURCE
- Original cataloging agency: NUST
- Transcribing agency: NUST
100 ## - HEADING--PERSONAL NAME
- Personal name: FAROOQ ALI,RASHID, AMJAD
670 ## - SOURCE DATA FOUND
- Source citation: Work cat.: (NUST): FAROOQ ALI,RASHID, AMJAD, PAKISTANI ADAB, 1982
